MDQL
is popping MORE tags! Check the
thread
!
Quizzes
Events
Quiz Creation
Community
Videos
Private Events
Remove Ads
Sign In
Join for FREE
Feedback
Dark Mode
Quiz Categories
Sports
Geography
Music
Movies
Television
Just For Fun
Miscellaneous
History
Literature
Language
Science
Gaming
Entertainment
Religion
Holiday
For Kids
Quiz Lab
Recent
Popular Today
Quiz Kudos Today
Editor Picks
Curator Picks
Quizzes by...
Day
Popularity
Type
Ratings
Length
Year
Community
Subscriptions
Recent Discussions
Orange Saloon
Badges
Playlists
Quests
Create
Leaderboards
Showdown
Live 5
Trivia Bingo
Activity
Puzzle Library
Sporcle Events
Private Events
Virtual Trivia
Globe League
Become a Host
Pub Owners
SporcleCon
Opinionation
Our Games
Videos
Blog
Mobile Apps
Partnerships
Remove Ads and Go Orange
Feedback
Music
Pop Music
The Beatles
Song
Album
Lyrics
Bands
Singers
Artist
Clip
Rock
Rap
Classical
Billboard
Country Music
Kpop
Taylor Swift
Music
Pop Music
The Beatles
Song
Album
Lyrics
Bands
Singers
Artist
Clip
Rock
Rap
Classical
Billboard
Country Music
Kpop
Taylor Swift
Random Quiz
Search Sporcle
×
Editor Pick
Editor Pick
Music
Numbers
Type in answers that appear in a list
Type in answers that appear in a list
Classic
Best Score? Go Orange.
UK 70s Number 1 Artists Stats
Can you name the artists to have had UK number 1 singles in the 70s?
By
bazmerelda
12m
122 Questions
2,391 Plays
2,391 Plays
2,391 Plays
Comments
Comments
Give Quiz Kudos
Give Quiz Kudos
-
- Ratings
hide this ad
Replay
Link that replays current quiz
Next Quiz
Link to next quiz in quiz playlist
You Got
0%
They Got
Avg Score
48%
Avg Friend Score
Upgrade to see
Score Distribution
Jump to the score distribution portion of the page
Score
0/122
Timer
12:00
1
Play Today
Number 1s
Artist
% Correct
7
Abba
96.8%
5
Rod Stewart
91.9%
2
Blondie
90%
2
John Travolta & Olivia Newton John
88.7%
1
Elton John & Kiki Dee
87.1%
1
David Bowie
86.6%
2
The Bee Gees
83.8%
1
Queen
83.8%
2
The Police
83.3%
1
Pink Floyd
79.8%
1
Alice Cooper
78.8%
3
Donny Osmond
78.5%
1
George Harrison
77.9%
1
Gloria Gaynor
76.3%
1
Simon & Garfunkel
75.2%
2
Boney M
72.3%
1
Little Jimmy Osmond
71.8%
1
Kate Bush
70.4%
1
The Village People
69.3%
2
Mungo Jerry
69.1%
3
Mud
67.9%
2
Elvis Presley
67.5%
3
Gary Glitter
66.6%
1
Donna Summer
66.4%
1
Wings
64.5%
1
Chuck Berry
63.8%
6
Slade
63%
1
Gary Numan
61.7%
3
10cc
61.4%
1
The Buggles
61.4%
3
Brotherhood Of Man
61.4%
1
Jimi Hendrix Experience
61.2%
1
Cliff Richard
61%
1
Tammy Wynette
60.9%
2
The Bay City Rollers
60.7%
1
John Denver
60.3%
1
Barry White
60.2%
1
Benny Hill
60%
2
The Boomtown Rats
59.5%
1
Terry Jacks
59.5%
2
David Essex
58.2%
Number 1s
Artist
% Correct
1
The Commodores
57.2%
1
Ian Dury & The Blockheads
56.9%
2
David Soul
56.4%
1
Smokey Robinson & The Miracles
56.3%
1
Chicago
56.2%
1
Don McLean
56.2%
1
Four Seasons
55.7%
1
Carl Douglas
55.3%
2
Dawn
55.1%
2
Suzi Quatro
54.3%
2
The New Seekers
53.5%
2
Gilbert O'Sullivan
52.7%
4
T.Rex
52.2%
1
Clive Dunn
51.3%
1
The Sweet
50.9%
1
Demis Roussos
49.8%
1
Dr Hook
49.7%
1
Status Quo
48.7%
1
Norman Greenbaum
47.9%
2
Wizzard
47.4%
1
Anita Ward
47.3%
1
Kenny Rogers
45.8%
1
Diana Ross
45.4%
1
Leo Sayer
45%
1
Dana
44.8%
1
Johnny Mathis
44.4%
1
Hot Chocolate
44.3%
1
Steve Harley & Cockney Rebel
44%
1
Baccara
43.8%
1
Lee Marvin
43.8%
1
Freda Payne
43.1%
1
Nilsson
40.7%
1
Showaddywaddy
40.5%
1
The Osmonds
39.4%
2
David Cassidy
38.8%
1
England World Cup Squad
38.8%
2
Art Garfunkel
38.7%
1
Dave Edmunds
38.2%
1
Paper Lace
38.2%
1
Edison Lighthouse
38.1%
1
Julie Covington
36.9%
Number 1s
Artist
% Correct
1
The Wurzels
36.8%
1
Billy Connolly
36.7%
1
Ray Stevens
36.2%
1
The Three Degrees
35.1%
1
Middle Of The Road
34.9%
1
Chicory Tip
34.6%
1
Pilot
33.9%
1
Tina Charles
33.9%
1
The Jacksons
32.6%
1
Charles Aznavour
32.4%
1
The Rubettes
32.4%
1
Tubeway Army
32.1%
1
Peters & Lee
32%
1
Telly Savalas
31.6%
1
Alvin Stardust
30.7%
1
The Floaters
30.5%
1
Manhattan Transfer
30.3%
1
Brian & Michael
28%
1
Pussycat
27.3%
1
Lieutenant Pigeon
27.1%
1
Windsor Davies & Don Estelle
27%
1
George McCrae
26.1%
1
Christie
24.3%
1
The Real Thing
23.7%
1
Lena Martell
22.8%
1
Deniece Williams
22.7%
1
Dave & Ansil Collins
22.5%
1
Ken Boothe
21.2%
1
Johnny Nash
20.3%
1
Typically Tropical
20%
1
The Stylistics
19.9%
1
The Simon Park Orchestra
19.8%
1
Matthews' Southern Comfort
18.6%
1
The Tams
17.1%
1
Althia & Donna
16.3%
1
Slik
15.6%
1
The Tymes
13.5%
1
Sweet Sensation
13.3%
1
J.J. Barrie
13.1%
1
The Pipes & Drums & Military Band of The Royal Scots Dragoon Guards
11.4%
Quiz Playlist
Details
Report
Send in Message
Add To Playlist
Classic:
Type in answers that appear in a list
Quiz Source
Last Updated: Feb 7, 2019
Editor Pick in
Music
Quiz Scoreboard
CHALLENGE
Sign Up to Join the Scoreboard
Show All
Scores
Hide
Comments
May contain spoilers
Recently Published
1-10 Letter E Words III
by El_Dandy
Language
2m
Street Fighter Characters
by Artimus82
Gaming
60s
College Basketball Coaching Resumes
by pancakes188
Sports
9m
More to Explore
Quiz From the Vault
Featured Blog Post
Where Did the Easter Bunny Come From?
hide this ad
You Might Also Like...
Tags
Artist Quiz
Numbers Quiz
United Kingdom Quiz
1970s
Today's Top Quizzes in Music
Browse Music
hide this ad
Today's Top Quizzes in Numbers
Browse Numbers
Top Contributed Quizzes in Music
1
Taylor Swift All Songs (2024)
2
Taylor Swift Logic Puzzle
3
Guess the Artist- 70s Songs
4
7-to-1: Billboard Hot 100 #1 Hits of 2010s
5
Sorting Albums and Songs
6
KPOP LOGIC QUIZ
7
Billboard Blitz: Aretha Franklin
8
Guess the Taylor Swift song (Mystery Song)
9
Guess The Taylor Swift Lyrics Song #1
10
Billboard Blitz: ABBA
Explore More
Trending Topics
Crossword
Marvel
NBA
Harry Potter
Anime
Disney
Kpop
Soccer
Puzzle
Country
Pokémon
WWE
Song
The Office
NFL
hide this ad
More By:
bazmerelda
Quiz
Plays
Rating
Category
Featured
Created
Super Science Bunker
756,887
3.91
Science
Jun 7, 2014
Super Science Bunker II
474,820
4.28
Science
Jun 1, 2014
Official UK Cities on a Map
462,556
4.65
Geography
Feb 6, 2014
Every 2 Letter Word Minefield
406,022
3.74
Language
Jul 31, 2011
MLB Logos
394,463
4.38
Sports
Jul 4, 2014
Go to Creator's Profile
Score Distribution
Quiz Creator Spotlight
bazmerelda
Follow
Send a Message
Quizzes Created
-
Created Quiz Play Count
-
More By This Creator
Popular Quizzes Today
1
Find the US States - No Outlines Minefield
2
Find the Countries of Europe - No Outlines Minefield
3
Find the US States
4
The Countries of the World
5
Risky Map Clicking: Biggest States A-Z
6
US States
7
Popular People in 1961
8
Movies - When Are They Set?
More Music Quizzes
AI Jukebox Artists
Quiz Lab
Trending Quizzes
Risky Map Clicking: Least Populous States A-Z
1-10 Letter G Words
Countries of the World: 200 Million BC
1-10 Letter F Words
Risky Map Clicking: Next State Alphabetically
Recently Updated
Largest US Cities 1790-2010
pecheneg
Rides in Walt Disney World
pecheneg
Most Oscar Losses (Acting)
pecheneg
Beyoncé Albums
pecheneg
Leaping Animals
pecheneg
Reality TV Shows (A-Z)
bhenderson79
Rickey Henderson's Hall of Fame Teammates
pecheneg
Champions League XIs: Arsenal
pecheneg
Quick Pick: Celebrities in WWE's Hall of Fame
aduchscher
A-Z Keypad Blitz II
pecheneg
Trending Topics
Crossword
Harry Potter
Anime
Disney
Kpop
NBA
Marvel
Pokémon
The Office
Soccer
WWE
Song
Country
Puzzle
NFL
Your Account Isn't Verified!
In order to create a playlist on Sporcle, you need to verify the email address you used during registration. Go to your
Sporcle Settings
to finish the process.
Report this User
Report this user for behavior that violates our
Community Guidelines
.
Details:
Send Report
Go to the Sporcle.com Mobile Site →
Comments